Sociedad, cultura y derecho /

SOCIEDAD CULTURA Y DERECHO. Valioso y actual material de consulta, apropiado para estudiantes en general. El reciente libro de Borja Cevallos refleja los vericuetos de la historia del autor. Develan del escritor muchos rasgos de su personalidad. De su talante y claro, de su talento. Repasando el fl...

Full description

Bibliographic Details
Main Author: Borja Cevallos, Rodrigo. 1935- (autor)
Format: Kit
Language:Spanish
Published: Quito: Planeta del Ecuador, 2012.
Edition:Cuarta edición.
Series:General.
Subjects:

MARC

LEADER 00000nac a2200000 i 4500
003 Ucuenca
005 20231212063209.0
006 a||||gr|||| 001 |
007 ta
008 013102s2012 ec aaaagr|||||||1|||spa a
020 |a 9789978983423 
040 |b spa  |a UCuenca-cdrjbv  |c UCuenca  |e rda 
041 0 |a spa 
082 0 |2 21  |a 320.86  |c 110609 
100 1 |a Borja Cevallos, Rodrigo.  |d 1935-  |e autor  |9 42161 
245 0 0 |a Sociedad, cultura y derecho /   |c Rodrigo Borja Cevallos. 
250 |a Cuarta edición. 
264 1 |a Quito:   |b Planeta del Ecuador,   |c 2012. 
300 |a 418 páginas:   |b ilu  |c 24 cm 
336 |2 rdacontent  |a texto  |b txt 
337 |2 rdamedia  |a no mediado  |b n 
338 |2 rdacarrier  |a volumen  |b nc 
490 0 |a General. 
504 |a incl. ref. 
520 3 |a SOCIEDAD CULTURA Y DERECHO. Valioso y actual material de consulta, apropiado para estudiantes en general. El reciente libro de Borja Cevallos refleja los vericuetos de la historia del autor. Develan del escritor muchos rasgos de su personalidad. De su talante y claro, de su talento. Repasando el flamante tomo de Rodrigo Borja Cevallos, con quien nada nos une, salvo, la colección de sus libros, algunos añejos que ocupan preferente lugar en nuestro Estudio Jurídico, y en los estudios e investigaciones en que nos empeñamos cuando de preparar materia para dictar clase en las universidades se trata. 
650 1 7 |2 UCuenca-cdrjbv  |a Ciencia política  |9 8811 
650 1 4 |a Política ecuatoriana  |9 272 
650 1 4 |a Sociología  |9 183 
852 |a UC-CDJBV  |f Compra  |l 1  |m General  |p 20131022  |q 22.50  |r 2  |t 110609  |w DIUC  |y 463628  |b 0  |d CDRC  |e CDRC  |g 320.86 PRIMER PISO  |z 2013-31-02 
942 |c CR  |0 2  |2 ddc  |r sergio.cajamarca@ucuenca.edu.ec 
999 |c 67181  |d 67181